Remodelación de equipo digital
Uloženo v:
| Hlavní autor: | |
|---|---|
| Médium: | Kniha |
| Jazyk: | Spanish |
| Vydáno: |
[San José, Costa Rica]
1984
|
| Tagy: |
Přidat tag
Žádné tagy, Buďte první, kdo vytvoří štítek k tomuto záznamu!
|
MARC
| LEADER | 00000nam a2200000Ia 4500 | ||
|---|---|---|---|
| 003 | 002278 | ||
| 005 | 20240109114050.0 | ||
| 008 | 140114s1984 cr a 000 ||spa d | ||
| 040 | |c cru CEDI | ||
| 100 | |a Rojas Marenco, Mario Alexis, 1960- |9 2115 | ||
| 245 | |a Remodelación de equipo digital | ||
| 260 | |a [San José, Costa Rica] |c 1984 | ||
| 500 | |a Proyecto de graduación (bachillerato en ingeniería eléctrica)--Universidad de Costa Rica. Facultad de Ingeniería. Escuela de Ingeniería Eléctrica | ||
| 501 | |a Profesores Guía de IE-0502 Proyecto Eléctrico 1: Ing. Jorge Badilla Ing. Jose Miguel Paez | ||
| 942 | |c TFG |h TFG 1422 |i 002278 |6 TFG_1422_002278000000000 | ||
| 999 | |c 11558 |d 11558 | ||
